Di sản văn hóa văn nghệ dân gian Hội An
Gardado en:
| Autor Principal: | |
|---|---|
| Formato: | Libro |
| Idioma: | Vietnamese |
| Publicado: |
H.
Lao động
2010
|
| Series: | ĐTTS ghi: Hội văn nghệ dân gian Việt Nam
|
| Các nhãn: |
Engadir etiqueta
Sen Etiquetas, Sexa o primeiro en etiquetar este rexistro!
|
| Thư viện lưu trữ: | Mạng thư viện Đại học Đà Nẵng |
|---|
| LEADER | 00943nam a2200277 4500 | ||
|---|---|---|---|
| 001 | 000015898 | ||
| 003 | 12285 | ||
| 005 | 20120605160618.0 | ||
| 008 | 120605s2010 viesd | ||
| 041 | 0 | |a vie | |
| 082 | |a 398.20959752 |b TR-A | ||
| 100 | 0 | |a Trần Văn An | |
| 245 | 0 | |a Di sản văn hóa văn nghệ dân gian Hội An |c Trần Văn An | |
| 260 | |a H. |b Lao động |c 2010 | ||
| 300 | |a 388 tr. |c 21 cm | ||
| 490 | |a ĐTTS ghi: Hội văn nghệ dân gian Việt Nam | ||
| OWN | |a LSP | ||
| AVA | |a UDN50 |b LSP |d 398.20959752 TR-A |e available |t Error 5001 Not defined in file expand_doc_bib_avail. |f 1 |g 0 |h N |i 0 |k 1 | ||
| 999 | |a From the UDN01 | ||
| AVA | |a UDN50 |b LSP |d 398.20959752 TR-A |e available |t Error 5001 Not defined in file expand_doc_bib_avail. |f 1 |g 0 |h N |i 0 |k 1 | ||
| TYP | |a Monograph | ||
| TYP | |a Printed language | ||
| 980 | |a Mạng thư viện Đại học Đà Nẵng | ||